| 000 | 00934nam a22002655i 4500 | ||
|---|---|---|---|
| 001 | 172164 | ||
| 003 | ES-MaACL | ||
| 005 | 20240207215701.0 | ||
| 008 | 090616s1987 sp |||| | spa d | ||
| 020 | _a84-85691-35-0 | ||
| 080 | _a946.0"1936/39" | ||
| 080 | _a329.14(460)"1936/39" | ||
| 245 | 0 | 0 |
_aSocialismo y guerra civil / _cF. Claudín... [et al.] ; coordinado por Santos Juliá. |
| 250 | _a1ª ed. | ||
| 260 |
_aMadrid : _bPablo Iglesias, _c1987. |
||
| 300 |
_aVI, 395 p. ; _c21 cm. |
||
| 490 | 1 |
_aAnales de historia de la Fundación Pablo Iglesias ; _v2 |
|
| 650 |
_aSocialismo- _zEspaña- _yS.XX. _917157 |
||
| 651 | 4 |
_aEspaña- _xHistoria- _y1936-1939, Guerra civil. _98292 |
|
| 700 | 1 |
_aClaudín, Fernando. _939089 |
|
| 700 | 1 |
_aJuliá, Santos, _d1940-2019 _967236 |
|
| 830 | 1 |
_aAnales de historia de la Fundación Pablo Iglesias ; _v2 _9189054 |
|
| 852 |
_aES-MaACL _jL-11986 |
||
| 999 |
_c172164 _d172164 |
||